Partidos políticos de Chile - Estadísticas

Estadísticas generales
  • Esta prueba ha sido intentada 54 veces
  • La puntuación promedio es 11 de 15
Estadísticas de respuestas
Imagen Hint Respuesta % Correcto
Luis Emilio Recabarren Partido Comunista
98%
Salvador Allende Partido Socialista
92%
José Antonio Kast Partido Repúblicano
88%
Sebastián Piñera Renovación Nacional
82%
Pedro Aguirre Cerda Partido Radical
76%
Franco Parisi Partido de la Gente
75%
Ricardo Lagos Partido por la democracia
71%
Jaime Guzman Unión demócrata independiente
71%
Gloria Hutt Evolución Política
69%
Eduardo Frei Montalva Partido democrata cristiano
65%
Giorgio Jackson Revolución Demócratica
59%
Ximena Rincón Demócratas
57%
Pamela Jiles Partido Humanista
53%
Gabriel Boric Convergencia Social
51%
Ecologista Regionalista Verde
45%
No se encontraron pruebas coincidentes
Distribución de puntuación
Porcentaje de gente con cada puntuación
Porcentaje por número respondido
Historial de tus puntuaciones
No has intentado esta prueba.